LA ROMA PAGANA Y EL CRISTIANISMO : LOS MARTIRES DEL SIGLO II /
INDICE
Guardado en:
| Autor principal: | |
|---|---|
| Formato: | Libro |
| Edición: | 2a edición |
| Temas: | |
| Etiquetas: |
Sin etiquetas, Sé el primero en etiquetar este registro!
|
MARC
| LEADER | 00000nam^a2200000^a^4500 | ||
|---|---|---|---|
| 001 | 000244212 | ||
| 005 | 20250521000000.0 | ||
| 009 | 20260310105409.45 | ||
| 035 | |a 067056 | ||
| 037 | |a Acervo Xavier Clavigero | ||
| 082 | |a 270. 1 |b ZAM | ||
| 100 | |a Zameza, Jose, S.J. |e (autor) | ||
| 245 | 1 | 3 | |a LA ROMA PAGANA Y EL CRISTIANISMO : |b LOS MARTIRES DEL SIGLO II / |c JOSE ZAMEZA, S.J |
| 250 | |a 2a edición | ||
| 264 | |a MADRID : |b BIOGRAFICA ESPAÑOLA, |c 1943 | ||
| 300 | |a 663 p. | ||
| 336 | |a texto |b txt |2 rdacontenido | ||
| 337 | |a sin mediación |b n |2 rdamedio | ||
| 338 | |a volumen |b nc |2 rdasoporte | ||
| 520 | |a INDICE | ||
| 649 | |a XX | ||
| 650 | |a Iglesia - |x Historia - |y Primeros Tiempos | ||
| 650 | |a PERSECUCION - |x IGLESIA ANTIGUA | ||
| 650 | |a Mártires | ||
| 650 | |a Roma - |x Historia | ||
| 910 | |a Fondo General | ||
| 920 | |a Impresos - Libros | ||
| 930 | |a Colección General | ||
| 905 | |a 101 | ||
| 901 | |a 067056 |b IT1 |c ACC |i 067056 |u 20250521 | ||
| 902 | |a https://opac.biblio.iteso.mx/vufind/Record/000244212 | ||